<?xml version="1.0" encoding="UTF-8"?>
<record
    xmlns:xsi="http://www.w3.org/2001/XMLSchema-instance"
    xsi:schemaLocation="http://www.loc.gov/MARC21/slim http://www.loc.gov/standards/marcxml/schema/MARC21slim.xsd"
    xmlns="http://www.loc.gov/MARC21/slim">

  <leader>00404nam a2200181   4500</leader>
  <controlfield tag="003">.</controlfield>
  <controlfield tag="005">20260402094100.0</controlfield>
  <controlfield tag="008">.</controlfield>
  <datafield tag="020" ind1=" " ind2=" ">
    <subfield code="a">9781266874741</subfield>
  </datafield>
  <datafield tag="040" ind1=" " ind2=" ">
    <subfield code="c">.</subfield>
  </datafield>
  <datafield tag="082" ind1=" " ind2=" ">
    <subfield code="a">658 B328 2024</subfield>
  </datafield>
  <datafield tag="100" ind1=" " ind2=" ">
    <subfield code="a">Bateman ,Robert</subfield>
  </datafield>
  <datafield tag="245" ind1=" " ind2=" ">
    <subfield code="a">M : </subfield>
    <subfield code="b">management /</subfield>
    <subfield code="c">Robert Bateman</subfield>
  </datafield>
  <datafield tag="250" ind1=" " ind2=" ">
    <subfield code="a">Release 2024</subfield>
  </datafield>
  <datafield tag="260" ind1=" " ind2=" ">
    <subfield code="b">New York; McGraw-Hill, 2024</subfield>
  </datafield>
  <datafield tag="300" ind1=" " ind2=" ">
    <subfield code="a">364 p </subfield>
    <subfield code="c">29 cm</subfield>
  </datafield>
  <datafield tag="942" ind1=" " ind2=" ">
    <subfield code="2">ddc</subfield>
    <subfield code="c">BK-EN</subfield>
    <subfield code="n">0</subfield>
  </datafield>
  <datafield tag="999" ind1=" " ind2=" ">
    <subfield code="c">7849</subfield>
    <subfield code="d">7849</subfield>
  </datafield>
  <datafield tag="952" ind1=" " ind2=" ">
    <subfield code="0">0</subfield>
    <subfield code="1">0</subfield>
    <subfield code="2">ddc</subfield>
    <subfield code="4">0</subfield>
    <subfield code="7">0</subfield>
    <subfield code="a">KHOBAR</subfield>
    <subfield code="b">KHOBAR</subfield>
    <subfield code="d">2025-07-23</subfield>
    <subfield code="l">1</subfield>
    <subfield code="o">658 B328 2024</subfield>
    <subfield code="p">1000000034971</subfield>
    <subfield code="r">2025-09-14 10:33:04</subfield>
    <subfield code="s">2025-09-08</subfield>
    <subfield code="w">2025-07-23</subfield>
    <subfield code="y">BK-EN</subfield>
  </datafield>
  <datafield tag="952" ind1=" " ind2=" ">
    <subfield code="0">0</subfield>
    <subfield code="1">0</subfield>
    <subfield code="2">ddc</subfield>
    <subfield code="4">0</subfield>
    <subfield code="7">0</subfield>
    <subfield code="a">KHOBAR</subfield>
    <subfield code="b">KHOBAR</subfield>
    <subfield code="d">2025-07-28</subfield>
    <subfield code="l">1</subfield>
    <subfield code="o">658 B328 2024</subfield>
    <subfield code="p">1000000035002</subfield>
    <subfield code="q">2026-04-19</subfield>
    <subfield code="r">2026-04-05 10:37:56</subfield>
    <subfield code="s">2026-04-05</subfield>
    <subfield code="w">2025-07-28</subfield>
    <subfield code="y">BK-EN</subfield>
  </datafield>
</record>
